| 000 | 00785nam a2200265Ia 4500 | ||
|---|---|---|---|
| 003 | OSt | ||
| 005 | 20220928124129.0 | ||
| 006 | a|||||r|||| 00| 0 | ||
| 007 | ta | ||
| 008 | 220927b |||||||| |||| 00| 0 eng d | ||
| 020 | _c5009.6670000000004 | ||
| 024 | _a111168 | ||
| 037 |
_b64, 23/02/2011, Better Book Service _cTextual |
||
| 040 |
_aSDCL _cSDCL _beng |
||
| 041 |
_2eng _aeng |
||
| 082 | _aG:68:(E9G,92Z2):f3, P8 | ||
| 100 |
_aLin Ren-Jang Ed. _9463471 |
||
| 245 | 0 | _aRNA-protein interaction protocols. | |
| 250 | _a2 | ||
| 260 |
_aUSA _bHumana Press _c2008 |
||
| 300 |
_axv,416p. _ccm. |
||
| 650 | _aBiophysics | ||
| 942 |
_hG:68:(E9G,92Z2):f3, P8 _cTEXL _2CC |
||
| 999 |
_c776373 _d776373 |
||